书目信息 |
| 题名: |
新民主主义论
|
|
| 作者: | 毛泽东 著 | |
| 分册: | ||
| 出版信息: | 北京 人民出版社 1952 |
|
| 页数: | 62页 | |
| 开本: | 19cm | |
| 丛书名: | ||
| 单 册: | ||
| 中图分类: | A424 | |
| 科图分类: | ||
| 主题词: | 毛泽东著作--新民主主义 | |
| 电子资源: | ||
| ISBN: | 1001.50 | |
| 000 | 00701nam0 2200253 450 | |
| 001 | 0105465029 | |
| 005 | 20130603132029.0 | |
| 010 | @a1001.50@dCNY0.16 | |
| 091 | @a1001.50@dCNY0.16 | |
| 100 | @a20021005e19601952em y0chiy0110 ea | |
| 101 | 0 | @achi |
| 102 | @aCN@b110000 | |
| 105 | @ay z 000yy | |
| 106 | @ar | |
| 200 | 1 | @a新民主主义论@9Xin Min Zhu Zhu Yi Lun @f毛泽东著@b专著 |
| 205 | @a2版 | |
| 210 | @a北京@c人民出版社@d1952@e南昌@h1960 | |
| 215 | @a62页@d19cm | |
| 500 | 10 | @a新民主主义论@9xin min zhu zhu yi lun |
| 606 | 0 | @a毛泽东著作@x新民主主义 |
| 690 | @aA424@v3 | |
| 701 | 0 | @a毛泽东@f(1893~1976)@9mao ze dong@4著 |
| 801 | 0 | @aCN@bAiZhiMarc |
| 905 | @aBZT@dA424@e13@f3@sA424/13 | |
| 新民主主义论/毛泽东著.-2版.-北京:人民出版社,1952(南昌,1960) |
| 62页;19cm |
| ISBN 1001.50:CNY0.16 |
| ● |
| 相关链接 |
|
|
|
正题名:新民主主义论
索取号:A424/13
 
预约/预借
| 序号 | 登录号 | 条形码 | 馆藏地/架位号 | 状态 | 备注 |
| 1 | 2000133717 | 2000133717 | 旧书回溯/ [索取号:A424/13] | 在馆 | |
| 2 | 2000133718 | 2000133718 | 旧书回溯/ [索取号:A424/13] | 在馆 | |
| 3 | 2000133719 | 2000133719 | 旧书回溯/ [索取号:A424/13] | 在馆 |